Austrian Monarchs - Statistics

General Stats
  • This quiz has been taken 609 times
  • The average score is 40 of 81
Answer Stats
Reign Monarch % Correct
1792–1804 II Francis
92%
1804-1835 I Francis
92%
1564-1590 II Charles
89%
1519-1521 I Charles
89%
1711-1740 III Charles
89%
1916-1918 I Charles
89%
1848-1916 I Francis Joseph
81%
1740-1765 I Francis Stephen
80%
1564-1595 II Ferdinand
76%
1590-1637 III Ferdinand
76%
1623-1637 III Ferdinand
76%
1637-1657 IV Ferdinand
76%
1521-1564 I Ferdinand
76%
1619-1623 III Ferdinand
76%
1835-1848 I Ferdinand
76%
1632-1662 Ferdinand Charles
76%
1705-1711 I Joseph
73%
1765–1790 II Joseph
73%
1740-1780 Maria Theresa
65%
1253–1268 I Frederick of Baden
60%
1406-1411 (Tyrol)1411-1439 (Tyrol & Further Austria) IV Frederick "of the Empty Pockets"
60%
1195–1198 I Frederick "the Catholic"
60%
1308-1330 I/III Frederick "the Fair"
60%
1424-1453 V Frederick "the Peaceful"
60%
1453-1457 V Frederick "the Peaceful"
60%
1457-1490 V Frederick "the Peaceful"
60%
1490-1493 V Frederick "the Peaceful"
60%
1230–1246 II Frederick "the Quarrelsome"
60%
1330-1339 I Otto "the Merry"
54%
1141–1156 II Henry "Jasomirgott"
53%
1156–1177 II Henry "Jasomirgott"
53%
994–1018 I Henry "the Strong"
53%
1657-1665 VI Leopold
53%
1623-1632 V Leopold
53%
1665-1705 VI Leopold
53%
1790–1792 VII Leopold
53%
1075–1095 II Leopold "the Fair"
53%
1406-1411 (Further Austria) IV Leopold "the Fat"
53%
1137–1141 IV Leopold "the Generous"
53%
1198–1230 VI Leopold "the Glorious"
53%
1308-1326 I Leopold "the Glorious"
53%
1095–1136 III Leopold "the Good"
53%
976-994 I Leopold "the Illustrious"
53%
1365-1379 III Leopold "the Just"
53%
1379-1386 III Leopold "the Just"
53%
1177–1194 V Leopold "the Virtuous"
53%
1386-1406 William "the Courteous"
51%
1612-1618 III Maximilian
43%
1564-1576 II Maximilian
43%
1493-1519 I Maximilian "the Last Knight"
42%
1282-1308 I Albert
41%
1619 VII Albert
41%
1404-1439 V Albert "the Magnanimous"
41%
1395-1404 IV Albert "the Patient"
41%
1365-1379 III Albert "the Pigtail"
41%
1379-1395 III Albert "the Pigtail"
41%
1453-1457 VI Albert "the Prodigal"
41%
1457-1463 VI Albert "the Prodigal"
41%
1330-1358 II Albert "the Wise"
41%
1278–1282 I Rudolf
40%
1576-1608 V Rudolf
40%
1282-1283 II Rudolf "the Debonair"
40%
1358-1365 IV Rudolf "the Founder"
40%
1298-1307 III Rudolf "the Good"
40%
1424-1453 VI Albert "the Prodigal"
35%
1595-1612 & 1618-1619 (Further Austria)1595-1619 (Tyrol) Matthias
27%
1608-1619 Matthias
27%
1485-1490 Matthias Corvinus
23%
1662-1665 Sigismund Francis
20%
1439-1453 Sigismund "the Rich"
20%
1453-1490 Sigismund "the Rich"
20%
1440-1453 Ladislaus "the Posthumous"
17%
1453-1457 Ladislaus "the Posthumous"
17%
1055–1075 Ernest "the Brave"
15%
1406-1424 Ernest "the Iron"
15%
1136-1137 II Adalbert "the Devout"
9%
1018–1055 I Adalbert "the Victorious"
9%
1251–1278 II Ottokar of Bohemia
3%
1252-1253 Roman Danylovich
3%
1248–1250 VI Herman of Baden
2%
1246–1247 III Vladislaus of Moravia
2%
No matching quizzes found
Score Distribution
Percent of People with Each Score
Percentile by Number Answered
Your Score History
You have not taken this quiz